|
|
|
|
| LEADER |
01527nam a2200325 a 4500 |
| 001 |
0017971 |
| 003 |
BD-DhAAL |
| 008 |
090808s2006 nyu b 001 0 eng d |
| 010 |
|
|
|a 90223183
|
| 020 |
|
|
|a 0942299191
|
| 040 |
|
|
|a DLC
|c DLC
|d DLC
|d BD-DhAAL
|
| 082 |
0 |
0 |
|a 882.010916
|2 20
|
| 100 |
1 |
|
|a Vernant, Jean Pierre.
|9 58043
|
| 240 |
1 |
0 |
|a Mythe et tragédie en Grèce ancienne.
|l English
|
| 245 |
1 |
0 |
|a Myth and tragedy in ancient Greece /
|c Jean-Pierre Vernant, Pierre Vidal-Naquet ; translated by Janet Lloyd.
|
| 250 |
|
|
|a 1st paperback ed., rev.
|
| 260 |
|
|
|a New York :
|b Zone Books,
|c c2006.
|
| 300 |
|
|
|a 527 p. ;
|c 23 cm
|
| 500 |
|
|
|a Translation of: Mythe et tragédie en Grèce ancienne.
|
| 504 |
|
|
|a Includes bibliographical references and index.
|
| 526 |
|
|
|a ENH
|
| 541 |
1 |
|
|e 0017971
|a D. S. Books International
|
| 650 |
|
0 |
|a Greek drama (Tragedy)
|x History and criticism.
|9 57382
|
| 650 |
|
0 |
|a Mythology, Greek, in literature.
|9 58044
|
| 700 |
1 |
|
|a Vidal-Naquet, Pierre,
|d 1930-2006.
|9 58045
|
| 852 |
4 |
|
|a Ayesha Abed Library
|c General Stacks
|
| 942 |
|
|
|2 ddc
|c BK
|
| 999 |
|
|
|c 3339
|d 3339
|
| 952 |
|
|
|0 0
|1 4
|2 ddc
|4 0
|6 882_010916000000000_VER
|7 0
|9 3030
|a BRACUL
|b BRACUL
|c GEN
|d 2009-08-31
|e D. S. Books International
|l 0
|o 882.010916 VER
|p 3010017971
|r 2009-08-31
|t 1
|w 2009-08-31
|y BK
|x Koha Inventory 2020 ; USD 27.95
|
| 952 |
|
|
|0 0
|1 0
|2 ddc
|4 0
|6 882_010916000000000_VER_2006
|7 0
|9 10967
|a BRACUL
|b BRACUL
|c GEN
|d 2010-06-14
|e D. S. Books International
|l 8
|m 32
|o 882.010916 VER
|p 3010017972
|r 2024-02-18
|s 2024-01-23
|t 2
|w 2010-06-14
|y BK
|x USD 27.95
|